000 00582cam a22002053a 4500
001 38108
003 PGUSA
005 20140828083834.0
008 111122s2011||||xxu|||||s|||||000 | eng d
040 _aPGUSA
_beng
042 _adc
100 1 _aRoss, Martin,
_d1862-1915
245 1 0 _aFurther Experiences of an Irish R.M.
_h[electronic resource] /
_cMartin Ross
260 _bProject Gutenberg,
_c2011
506 _aPublic domain in the USA.
516 _aElectronic text
830 0 _aProject Gutenberg
_v38108
856 4 0 _uhttp://www.gutenberg.org/ebooks/38108
942 _cEB
999 _c267362
_d267362